000 00511nam a2200181Ia 4500
001 9859
005 20260306161749.0
008 260306t2013||||xx |||||||||||||| ||spa||
041 _aESP
082 _a801.6
_bJ55
100 _aJiménez Ríos, Enrique
_eAUT
245 0 _aLa crítica lexicográfica y el Diccionario de la Real Academia Española:
_bobras y autores contra el diccionario
260 _c2013
300 _a335 páginas :
_c24 cm.
650 _aGEN
654 _aCHU
942 _cDIC
_dJUS
_fJUS
_2ddc
_n
999 _c9859
_d9859